| 000 | 00987cam a2200289 a 4500 | ||
|---|---|---|---|
| 001 | 14818531 | ||
| 003 | OSt | ||
| 005 | 20230605093320.0 | ||
| 008 | 070423s2004 ii a 000 0 eng | ||
| 010 | _a 2007394565 | ||
| 025 | _aI-E-2007-394565; 63-90; 63-01 | ||
| 037 | _bLibrary of Congress -- New Delhi Overseas Office | ||
| 040 |
_aDLC _cDLC |
||
| 042 | _alcode | ||
| 050 | 0 | 0 |
_aJC423 _b.H46623 2004 |
| 082 |
_a321.8 _bHEP |
||
| 100 | 1 |
_aHeptulla, Najma, _d1940- |
|
| 240 | 1 | 0 |
_aSpeeches. _kSelections. |
| 245 | 1 | 0 |
_aDemocracy-the global perspectives : _bselected statements and speeches / _cNajma Heptulla. |
| 260 |
_aNew Delhi : _bRajya Sabha : _bIPU Council, _c2004. |
||
| 300 |
_avi, 250 p. : _bcol. ill. ; _c25 cm. |
||
| 520 | _aSelected speeches and statements delivered between September 1999 and October 2003 in various countries. | ||
| 650 | 0 | _aDemocracy. | |
| 906 |
_a7 _bcbc _corigode _d3 _encip _f20 _gy-gencatlg |
||
| 942 |
_2ddc _cBK |
||
| 999 |
_c235 _d235 |
||